Maruani : romanzo /

সংরক্ষণ করুন:
গ্রন্থ-পঞ্জীর বিবরন
প্রধান লেখক: Di Maria, Omar
বিন্যাস: গ্রন্থ
ভাষা:ইতালিয়
প্রকাশিত: Bologna : Pendragon, 2011
ট্যাগগুলো: ট্যাগ যুক্ত করুন
কোনো ট্যাগ নেই, প্রথমজন হিসাবে ট্যাগ করুন!

MARC

LEADER 00000nam a22000007i 4500
001 IT\ICCU\UBO\3889591
003 ItRI
005 20260115232130.0
008 111011s2011 it |||||| ||||| |||||c
020 |a 9788865980385 
040 |b ita  |c importazione bologna sebina 
041 7 |a ita  |2 ISO-639-2 
100 1 |a Di Maria, Omar  |0 IT\ICCU\UBOV\007431 
245 1 0 |a Maruani :  |b romanzo /  |c Omar Di Maria. 
260 |a Bologna :  |b Pendragon,  |c 2011 
300 |a 156 p. ;  |c 21 cm. 
942 |2 ddc  |c BK  |n 0 
952 |0 0  |1 0  |4 0  |6 DOC_853_920000000000000_DIM  |7 0  |9 20623  |a BO  |b BO  |d 2026-01-15  |i 15651  |l 0  |o DOC 853.92 DIM  |p BO15651  |r 2026-01-15 23:21:30  |w 2026-01-15  |x [Sebina 5] [1 v.]  |y BK  |z 1 v. 
999 |c 17613  |d 17613